000 00479nam a22001577a 4500
003 macl
005 20170124144114.0
008 170124b xxu||||| |||| 00| 0 eng d
040 _cmacl
082 _a333
100 _aपारी‍क दाधीच
_966689
245 _aपर्यावरण अध्‍ययन
260 _aजयपुर
_bअजमेरा बुक कम्‍पनी
_c2016
650 _aपर्यावरण
_936465
942 _2ddc
_cHIN
999 _c56020
_d56020